<?xml version="1.0" encoding="UTF-8"?>
<record
    xmlns:xsi="http://www.w3.org/2001/XMLSchema-instance"
    xsi:schemaLocation="http://www.loc.gov/MARC21/slim http://www.loc.gov/standards/marcxml/schema/MARC21slim.xsd"
    xmlns="http://www.loc.gov/MARC21/slim">

  <leader>02660cam a2200313   4500</leader>
  <controlfield tag="001">7291</controlfield>
  <controlfield tag="005">20181127183327.0</controlfield>
  <controlfield tag="008">030821s2003    maua     b    101 0 eng</controlfield>
  <datafield tag="010" ind1=" " ind2=" ">
    <subfield code="a">  2003060997</subfield>
  </datafield>
  <datafield tag="020" ind1=" " ind2=" ">
    <subfield code="a">1402075502 (alk. paper)</subfield>
  </datafield>
  <datafield tag="082" ind1="0" ind2="0">
    <subfield code="a">338.947</subfield>
    <subfield code="2">22</subfield>
  </datafield>
  <datafield tag="100" ind1=" " ind2=" ">
    <subfield code="a">Campos, Nauro F. </subfield>
    <subfield code="b"></subfield>
    <subfield code="c"></subfield>
    <subfield code="d"></subfield>
    <subfield code="e">editor</subfield>
    <subfield code="q"></subfield>
  </datafield>
  <datafield tag="245" ind1="0" ind2="0">
    <subfield code="a">Political economy of transition and development :</subfield>
    <subfield code="b">institutions, politics, and policies /</subfield>
    <subfield code="c">edited by Nauro F. Campos and Jan Fidrmuc.</subfield>
  </datafield>
  <datafield tag="260" ind1=" " ind2=" ">
    <subfield code="a">Boston :</subfield>
    <subfield code="b">Kluwer Academic,</subfield>
    <subfield code="c">c2003.</subfield>
  </datafield>
  <datafield tag="300" ind1=" " ind2=" ">
    <subfield code="a">xii, 279 p. :</subfield>
    <subfield code="b">ill. ;</subfield>
    <subfield code="c">25 cm.</subfield>
  </datafield>
  <datafield tag="440" ind1=" " ind2="0">
    <subfield code="a">ZEI studies in European economics and law ;</subfield>
    <subfield code="v">v. 5</subfield>
  </datafield>
  <datafield tag="500" ind1=" " ind2=" ">
    <subfield code="a">Conference papers.</subfield>
  </datafield>
  <datafield tag="504" ind1=" " ind2=" ">
    <subfield code="a">Includes bibliographical references and index.</subfield>
  </datafield>
  <datafield tag="505" ind1=" " ind2=" ">
    <subfield code="a">1 Evolution and Transition / Barry W. Ickes 1 -- 2 Interpretations of Transition / Arye L. Hillman 23 -- 3 The Relative Levels and the Character of Institutional  Development in Transition Economies / Peter Murrell 41 -- 4 Transition and Developing Economies: Comparing the  Quality of Governments / Gur Ofer 69 -- 5 Sectors, States, and the Paths of Post-Socialist  Development / Bela Greskovits 97 -- 6 A Computational Political Economy Model of Transition /  John E. Jackson 117 -- 7 Anatomy of Voting Behavior and Attitudes during Post- Communist Transition: Czech Republic 1990-98 / Orla  Doyle, Jan Fidrmuc 139 -- 8 Enlargement and the European Parliament / Abdul Noury,  Gerard Roland 165 -- 9 Economic Policy Doctrine and Political Regime / M.  Steven Fish 183 -- 10 Postcommunist Corruption / Daniel Treisman 201 -- 11 The Extent and Determinants of the Stripping of  Socialist Physical Capital in the Period of Social  Transformation and Modernization of the Economic  Structure / Nauro F. Campos, Francesco Giovannoni 227 -- 12 Social Capital and Economic Performance in Transition  / Martin Raiser 245 -- 13 Human Capital, Growth and Inequality in Transition  Economies / Michael Spagat 259.</subfield>
    <subfield code="g"></subfield>
    <subfield code="r"></subfield>
    <subfield code="t"></subfield>
  </datafield>
  <datafield tag="520" ind1=" " ind2=" ">
    <subfield code="a">Political Economy of Transition and Development collects  the proceedings of an international conference that brought  the leading thinkers in this field to the Center for  European Integration Studies of the University of Bonn in  May, 2002.</subfield>
  </datafield>
  <datafield tag="650" ind1=" " ind2="0">
    <subfield code="a">Mixed economy</subfield>
    <subfield code="z">Europe, Eastern</subfield>
    <subfield code="v">Congresses.</subfield>
  </datafield>
  <datafield tag="650" ind1=" " ind2="0">
    <subfield code="a">Post-communism</subfield>
    <subfield code="x">Economic aspects</subfield>
    <subfield code="z">Europe, Eastern</subfield>
    <subfield code="v">Congresses.</subfield>
  </datafield>
  <datafield tag="651" ind1=" " ind2="0">
    <subfield code="a">Europe, Eastern</subfield>
    <subfield code="x">Economic conditions</subfield>
    <subfield code="y">1989-</subfield>
    <subfield code="v">Congresses.</subfield>
  </datafield>
  <datafield tag="651" ind1=" " ind2="0">
    <subfield code="a">Europe, Eastern</subfield>
    <subfield code="x">Economic policy</subfield>
    <subfield code="y">1989-</subfield>
    <subfield code="v">Congresses.</subfield>
  </datafield>
  <datafield tag="651" ind1=" " ind2="0">
    <subfield code="a">Europe, Eastern</subfield>
    <subfield code="x">Politics and government</subfield>
    <subfield code="y">1989-</subfield>
    <subfield code="v">Congresses.</subfield>
  </datafield>
  <datafield tag="700" ind1="1" ind2=" ">
    <subfield code="a">Campos, Nauro F.</subfield>
  </datafield>
  <datafield tag="700" ind1="1" ind2=" ">
    <subfield code="a">Fidrmuc, Jan.</subfield>
  </datafield>
  <datafield tag="999" ind1=" " ind2=" ">
    <subfield code="c">6214</subfield>
    <subfield code="d">6214</subfield>
  </datafield>
  <datafield tag="952" ind1=" " ind2=" ">
    <subfield code="0">0</subfield>
    <subfield code="1">0</subfield>
    <subfield code="2">ddc</subfield>
    <subfield code="4">0</subfield>
    <subfield code="7">0</subfield>
    <subfield code="8">MAIN</subfield>
    <subfield code="a">RTCLIB</subfield>
    <subfield code="b">RTCLIB</subfield>
    <subfield code="c">MAIN</subfield>
    <subfield code="d">2023-02-20</subfield>
    <subfield code="h"> </subfield>
    <subfield code="i">11238</subfield>
    <subfield code="l">1</subfield>
    <subfield code="o">338 CAM</subfield>
    <subfield code="p">30010925</subfield>
    <subfield code="r">2023-02-28 00:00:00</subfield>
    <subfield code="s">2023-02-20</subfield>
    <subfield code="w">2018-11-27</subfield>
    <subfield code="y">MAIN</subfield>
  </datafield>
</record>
